[Event "AUTO-INT-3967"]
[Site "http://www.queenalice.com/game.php?id=1872669"]
[Date "2026.4.29"]
[Round "1"]
[White "Yanni"]
[Black "newgame"]
[Result "1-0"]
[WhiteElo "1508"]
[BlackElo "1464"]

1. e4 e5 2. Bc4 Qe7 3. Nf3 Nc6 4. a3 d6 5. d3 Bg4 6. h3 Bxf3 7. gxf3 Nf6 8. Be3
a6 9. Bg5 h6 10. Bh4 g5 11. Bg3 h5 12. Nd2 h4 13. Bh2 b5 14. Bb3 Qd7 15. f4 gxf4
16. Nf3 Nd4 17. Nxd4 exd4 18. Bxf4 Bh6 19. Bh2 O-O-O 20. Qd2 Bxd2+ 21. Kxd2 c5
22. e5 dxe5 23. Bxe5 Qe7 24. Rae1 Rh5 25. Bxf6 Qxf6 26. Rhf1 Qf3 27. Kc1 f6 28.
Kb1 Qxh3 29. Be6+ Kb8 30. Bxh3 a5 31. Re6 Rf8 32. Rfe1 Rhh8 33. Rb6+ Kc7 34.
Rxb5 a4 35. Rxc5+ Kd6 36. Ra5 f5 37. Ree5 f4 38. Re6+ Kd7 39. Rd5+ Kc8 40. Re7+
Kb8 41. Rb5+ Ka8 42. Bg2+ f3 43. Bh3 Rhg8 44. Be6 Re8 45. Bd5# 1-0

[Event "Challenge"]
[Site "http://www.queenalice.com/game.php?id=1874002"]
[Date "2026.5.28"]
[Round "-"]
[White "Yanni"]
[Black "Rocio"]
[Result "0-1"]
[WhiteElo "1522"]
[BlackElo "1371"]

1. e4 e5 2. d3 Bb4+ 3. c3 Bc5 4. Nf3 d6 5. Bg5 f6 6. Bh4 g5 7. Bg3 Be6 8. Be2 g4
9. Nh4 a6 10. a3 Nc6 11. Nd2 Qe7 12. d4 exd4 13. cxd4 Bb6 14. O-O O-O-O 15. d5
Bxd5 16. exd5 Ne5 17. Nf5 Qd7 18. Ne4 Ng6 19. Bxg4 Kb8 20. Qb3 h5 21. Be2 Qxf5
22. h3 Qxe4 23. Bf3 Qd4 24. Rad1 Qc5 25. Qd3 Rh6 26. Rd2 h4 27. Rc2 Qa5 28. Bxd6
cxd6 29. b4 Qa4 30. Re1 Nf4 31. Qf5 Ng6 32. Qd3 Nf4 33. Qc4 Rh7 34. Re4 Rc7 35.
Qa2 Nxd5 36. Rd2 Nc3 37. Qe6 Qxa3 38. Rxd6 Nb5 39. Rxb6 Ka7 40. Be2 Rc6 41. Rxc6
Nc3 42. Bc4 bxc6 43. Qxc6 Qxb4 44. Re6 Kb8 45. g4 Na4 46. Qxa6 Rc8 47. Bd5 Kc7
48. Qa7+ Kd8 49. Qd7+ Kxd7 50. Re4 Qb1+ 51. Kg2 Qd3 52. Bb7 Rc7 53. Ba8 Nc5 54.
Re3 Qa6 55. Bd5 Kd6 56. Bxg8 Rg7 57. Re8 Qc6+ 58. Kf1 Qxe8 59. Bc4 Ra7 60. Kg2
Qc6+ 61. Kf1 Ra1+ 62. Ke2 Qe4+ 63. Kd2 Qxc4 64. Ke3 Ra3+ 65. Kd2 Ne4+ 66. Kd1
Ra1# 0-1